| 000 | 00613nam a2200193 a 4500 | ||
|---|---|---|---|
| 001 | 7739 | ||
| 003 | CO-ViMGA | ||
| 008 | 141112s2004 ck r 000 u spa d | ||
| 040 |
_aCO-ViMGA _bspa _cCO-ViMGA |
||
| 082 | 0 | 4 | _a342.861 V15p |
| 100 | 1 |
_aValencia Villa, Alejandro _97212 |
|
| 245 | 1 | 0 | _aEl Pensamiento Constitucional de Miguel Antonio Caro |
| 260 |
_aBogotá, _cInstituto Caro y Cuervo, _c1992 |
||
| 300 | _a214 p, 20 cm | ||
| 650 | 1 | 4 |
_aCARO, MIGUEL ANTONIO, 1843 - 1909 _97213 |
| 650 | 1 | 4 |
_aCOLOMBIA - HISTORIA CONTITUCIONAL _97214 |
| 650 | 1 | 4 |
_aCONSTITUCION - COLOMBIA - HISTORIA _97215 |
| 942 |
_2ddc _cBK |
||
| 999 |
_c19654 _d19654 |
||